Największe państwa na każdą literę alfabetu A-Z - Statystyki

Ogólne statystyki
  • Ten quiz został rozwiązany 104 razy
  • Średni wynik to 17 z 24
Statystyki odpowiedzi
Litera Odpowiedź % Poprawnych
R Rosja (17,1 mln km²)
95%
B Brazylia (8,51 mln km²)
93%
C Chiny (9,60 mln km²)
93%
K Kanada (9,98 mln km²)
86%
O Oman (310 tys. km²)
86%
F Francja (643 tys. km²)
84%
Ł Łotwa (64 tys. km²)
83%
S Stany Zjednoczone (9,83 mln km²)
83%
I Indie (3,29 mln km²)
82%
A Argentyna (2,78 mln km²)
80%
J Jemen (528 tys. km²)
72%
T Turcja (783 tys. km²)
71%
V Vanuatu (12,2 tys. km²)
71%
Z Zambia (752 tys. km²)
70%
H Hiszpania (506 tys. km²)
68%
M Mongolia (1,56 mln km²)
66%
U Uzbekistan (448 tys. km²)
66%
W Wenezuela (916 tys. km²)
62%
E Etiopia (1,10 mln km²)
57%
D Demokratyczna Republika Konga (2,34 mln km²)
55%
L Libia (1,76 mln km²)
54%
P Pakistan (881 tys. km²)
54%
G Gabon (267 tys. km²)
49%
N Namibia (825 tys. km²)
45%
Nie znaleziono quizów pasujących do podanych kryteriów
Rozkład punktacji
Procent ludzi z każdym wynikiem
Percentyl według liczby udzielonych odpowiedzi
Twoja historia wyników
Nie rozwiązałeś tego quizu